| 000 | 00446nam a22001937a 4500 | ||
|---|---|---|---|
| 003 | LK-CoDNM | ||
| 005 | 20250106113259.0 | ||
| 008 | 250106b |||||||| |||| 00| 0 eng d | ||
| 040 |
_aLK-CoDNM _dLK-CoDNM _eLK-CoDNM |
||
| 041 | _aeng | ||
| 080 |
_a3 _bT25 |
||
| 100 | _aArrow,G.J | ||
| 245 | _aThe Fauna of British India | ||
| 260 |
_aLondon _c1906 |
||
| 300 | _avi, 322p ; 23cm | ||
| 490 | _vVolume I | ||
| 650 | _aScience | ||
| 942 | _cBK | ||
| 999 |
_c235017 _d235017 |
||